00737nam a22001097a 4500040000800000082002700008100001500035245043900050260002600489300002500515856008700540 cRUA aAVM SUM 2013 B109 Or.1 aSUM, RAVY. aUsing cassava root in concentrate on growing quail in experimental animal station at royal university of agriculture, ការប្រើប្រាសើម្សៅដំឡូងមីជាចំណីផ្សំលើការលូតលាស់របស់ក្រួច នៅស្ថានីយពិសោធន៍សត្វនាំសាកលវិទ្យាល័យភូមិន្ទកសិកម្ម aPhnom PenhbRUAc2013 ax; 39p.bill.c29cm. uhttps://drive.google.com/file/d/1kNaKWkG6lJixqFB3uvJ3ec2eg4YyPX88/view?usp=sharing